The community junior college / (Record no. 6207)
[ view plain ]
| 000 -LEADER | |
|---|---|
| fixed length control field | 01571cas a2200349 a 4500 |
| 001 - CONTROL NUMBER | |
| JCCL Control Number | 6207 |
| 003 - CONTROL NUMBER IDENTIFIER | |
| JCCL marc code | BD-JhCC |
| 005 - DATE AND TIME OF LATEST TRANSACTION | |
| control field | 20180125134923.0 |
| 008 - FIXED-LENGTH DATA ELEMENTS--GENERAL INFORMATION | |
| fixed length control field | 070109d19811992dcuqr pso 0 a0eng c |
| 022 0# - INTERNATIONAL STANDARD SERIAL NUMBER | |
| International Standard Serial Number | 2331-4206 |
| 035 ## - SYSTEM CONTROL NUMBER | |
| system control number | (BD-JhCC)6207 |
| 040 ## - CATALOGING SOURCE | |
| Original cataloging agency | BD-JhCC |
| Modifying agency | BD-JhCC |
| 041 ## - LANGUAGE CODE | |
| Language code of Book | eng |
| 050 10 - LIBRARY OF CONGRESS CALL NUMBER | |
| Classification number | ISSSN RECORD |
| 082 10 - DEWEY DECIMAL CLASSIFICATION NUMBER | |
| Classification number | 378 |
| DDC Edition number | 23 |
| Author mark and Year | THO 1960 |
| 090 ## - LOCALLY ASSIGNED LC-TYPE CALL NUMBER (OCLC); LOCAL CALL NUMBER (OCLC) | |
| Classification number (OCLC) (R) ; Classification number, CALL (RLIN) (NR) | 110985822453436 |
| 100 ## - MAIN ENTRY--PERSONAL NAME | |
| Personal name | Thornton, James W. |
| 245 10 - TITLE STATEMENT | |
| Title | The community junior college / |
| Statement of responsibility, etc | James W.Thornton |
| 246 1# - VARYING FORM OF TITLE | |
| Title proper/short title | CJC |
| 246 17 - VARYING FORM OF TITLE | |
| Title proper/short title | Community/junior college quarterly |
| 260 ## - PUBLICATION, DISTRIBUTION, ETC. (IMPRINT) | |
| Place of publication, distribution, etc | Washington, D.C. : |
| Name of publisher, distributor, etc | Hemisphere Pub. Corp., |
| Date of publication, distribution, etc | c1981-c1992. |
| 300 ## - PHYSICAL DESCRIPTION | |
| Pagination | 300 p. : |
| Dimensions | 25 cm. |
| 580 ## - LINKING ENTRY COMPLEXITY NOTE | |
| Linking entry complexity note | Some providers include as part of the Web site of the later title: Community college journal of research and practice. |
| 650 #0 - SUBJECT ADDED ENTRY--TOPICAL TERM | |
| Topical term or geographic name as entry element | Community colleges |
| Geographic subdivision | United States |
| Form subdivision | Periodicals. |
| 650 #0 - SUBJECT ADDED ENTRY--TOPICAL TERM | |
| Topical term or geographic name as entry element | Junior colleges |
| Geographic subdivision | United States |
| Form subdivision | Periodicals. |
| 776 08 - ADDITIONAL PHYSICAL FORM ENTRY | |
| Display text | Print version: |
| Title | Community/junior college |
| International Standard Serial Number | 0277-6774 |
| Record control number | (DLC) 82641876 |
| -- | (OCoLC)7625585 |
| 780 00 - PRECEDING ENTRY | |
| Title | Community/junior college research quarterly (Online) |
| 785 10 - SUCCEEDING ENTRY | |
| Title | Community college journal of research and practice (Online) |
| International Standard Serial Number | 1521-0413 |
| 856 40 - ELECTRONIC LOCATION AND ACCESS | |
| Uniform Resource Identifier | http://oxfordsfx-direct.hosted.exlibrisgroup.com/oxford?url%5Fver=Z39.88-2004&ctx%5Fver=Z39.88-2004&ctx%5Fenc=info:ofi/enc:UTF-8&rfr%5Fid=info:sid/sfxit.com:opac%5F856&url%5Fctx%5Ffmt=info:ofi/fmt:kev:mtx:ctx&sfx.ignore%5Fdate%5Fthreshold=1&rft.object%5Fid=110985822453436&svc%5Fval%5Ffmt=info:ofi/fmt:kev:mtx:sch%5Fsvc& |
| Link text | Find it @ Oxford |
| 942 ## - ADDED ENTRY ELEMENTS (KOHA) | |
| Source of classification or shelving scheme | Dewey Decimal Classification |
| Koha item type | Books |
| Source of classification or shelving scheme | Damaged status | Not for loan | Home library | Current library | Shelving location | Total Checkouts | Full call number | Barcode | Date last seen | Copy number | Koha item type |
|---|---|---|---|---|---|---|---|---|---|---|---|
| Dewey Decimal Classification | JCC Rouf Library | JCC Rouf Library | General Stacks | 378 THO 1960 | 909 | 01/16/2018 | C - 1 | Books |